IFM Opac

Essentials of Business Law (Record no. 20771)

MARC details
000 -LEADER
fixed length control field 00512nam a22001937a 4500
003 - CONTROL NUMBER IDENTIFIER
control field OSt
005 - DATE AND TIME OF LATEST TRANSACTION
control field 20251126052816.0
008 - FIXED-LENGTH DATA ELEMENTS--GENERAL INFORMATION
fixed length control field 220831b |||||||| |||| 00| 0 eng d
020 ## - INTERNATIONAL STANDARD BOOK NUMBER
International Standard Book Number 978-1-292-14721-5
040 ## - CATALOGING SOURCE
Transcribing agency IFM Library
082 ## - DEWEY DECIMAL CLASSIFICATION NUMBER
Classification number 346.02
100 ## - MAIN ENTRY--PERSONAL NAME
Personal name Macintyre, Ewan
9 (RLIN) 9539
245 ## - TITLE STATEMENT
Title Essentials of Business Law
250 ## - EDITION STATEMENT
Edition statement 6th
260 ## - PUBLICATION, DISTRIBUTION, ETC.
Place of publication, distribution, etc. Harlow:
Name of publisher, distributor, etc. Pearson Education Limited,
Date of publication, distribution, etc. 2018
300 ## - PHYSICAL DESCRIPTION
Extent xxxv, 486p.:
Other physical details ill.; 24cm.
500 ## - GENERAL NOTE
General note Includes Glossary and Index
942 ## - ADDED ENTRY ELEMENTS (KOHA)
Koha item type Books
Source of classification or shelving scheme Dewey Decimal Classification
Suppress in OPAC No
Holdings
Withdrawn status Lost status Source of classification or shelving scheme Damaged status Not for loan Collection code Home library Current library Shelving location Date acquired Source of acquisition Full call number Barcode Date last seen Price effective from Koha item type Total Checkouts
          Non-fiction IFM Main Campus Library IFM Main Campus Library Simiyu Campus 10/19/2020 Purchase 346.07 MAC 0000022691 10/19/2020 02/19/2022 Books  
          Non-fiction IFM Main Campus Library IFM Main Campus Library Simiyu Campus 10/19/2020 Purchase 346.07 MAC 0000022692 10/19/2020 02/19/2022 Books  
          Non-fiction IFM Main Campus Library IFM Main Campus Library Simiyu Campus 10/19/2020 Purchase 346.07 MAC 0000022690 10/19/2020 02/19/2022 Books  
    Dewey Decimal Classification     Non-fiction IFM Main Campus Library Special Reserve Collection Special Reserve Collection 08/31/2022 Purchase 346.07 MAC 0000022679 10/19/2020 02/19/2022 Books